Does foreign direct investment affect economic growth? Evidence from OECD countries

Vzťah priamych zahraničných investícií (PZI) a ekonomického rastu. Analýza vzťahu PZI a a miery rastu HDP. Použitie stochastického modelu a panelových dát pokrývajúcich krajiny OECD za obdobie 9 rokov. Metodológia analýzy. Špecifikácia modelu a dát.

Gespeichert in:
Bibliographische Detailangaben
1. Verfasser: Furková, Andrea, 1975-
Format: Buchkapitel
Sprache:Englisch
Schlagworte:
Tags: Tag hinzufügen
Keine Tags, Fügen Sie das erste Tag hinzu!

MARC

LEADER 00000naa$a2200000$$$4500
001 0157268
005 20240502072740.4
041 0 |a eng 
044 |a SK 
245 1 0 |a Does foreign direct investment affect economic growth? Evidence from OECD countries  |c Andrea Furková 
520 |a Vzťah priamych zahraničných investícií (PZI) a ekonomického rastu. Analýza vzťahu PZI a a miery rastu HDP. Použitie stochastického modelu a panelových dát pokrývajúcich krajiny OECD za obdobie 9 rokov. Metodológia analýzy. Špecifikácia modelu a dát. 
610 2 0 |a investície priame zahraničné 
610 2 0 |a rast hospodársky 
610 2 0 |a modely stochastické 
610 2 0 |a analýzy 
610 2 0 |a OECD 
100 1 |a Furková, Andrea, 1975-